000
00277nam a2200121 a 4500
008
101022s1971|||| d
245
1
0
_a
Juan v Amerike
044
_a
xo
_c
SK
041
_a
slo
100
1
_a
Linklater, Eric
020
_c
25,50
260
_b
Pravda
_c
1971
_a
Bratislava
999
_c
12097
_d
12097